| 000 | 00640cam a2200193 a 4500 | ||
|---|---|---|---|
| 020 | _a0915361523 : | ||
| 082 | 0 | 0 |
_a303.6255694 _bMEL _cL-30,P-150 |
| 100 | 1 |
_aMelman, Yossi. _937575 |
|
| 245 | 0 | 4 |
_aThe master terrorist : _bthe true story of Abu-Nidal / _cby Yossi Melman. |
| 260 |
_aNew York : _bAdama Books, _cc1986. |
||
| 300 |
_a215 p., [8] p. of plates : _bill., ports. ; _c23 cm. |
||
| 500 | _aTranslation of: Abu Nidal. | ||
| 526 |
_a0 _b0 _c0 _d303_625569400000000_MEL |
||
| 650 | 0 |
_aMCE _9379 |
|
| 650 | 0 |
_aPalestinian Arabs _xBiography. _937576 |
|
| 650 | 0 | _aTerrorism. | |
| 650 | 0 |
_aTerrorists _xBiography. _937577 |
|
| 942 |
_2ddc _cBK |
||
| 999 |
_c542418 _d542418 |
||